Energy, agriculture and waste management : (Record no. 200067)

MARC details
000 -LEADER
fixed length control field 01191nam a2200313 a 4500
001 - CONTROL NUMBER
control field vtls000196151
003 - CONTROL NUMBER IDENTIFIER
control field NLI
005 - DATE AND TIME OF LATEST TRANSACTION
control field 20210602113030.0
008 - FIXED-LENGTH DATA ELEMENTS--GENERAL INFORMATION
fixed length control field 101125s1975 miua 101 0 eng
020 ## - INTERNATIONAL STANDARD BOOK NUMBER
International Standard Book Number 0250401134 :
Terms of availability USD 22.50
039 #9 - LEVEL OF BIBLIOGRAPHIC CONTROL AND CODING DETAIL [OBSOLETE]
-- 201011252323
-- VLOAD
040 0# - CATALOGING SOURCE
Original cataloging agency NLI
Language of cataloging eng
Transcribing agency Datasoft 1
Description conventions AACR2
041 0# - LANGUAGE CODE
Language code of text/sound track or separate title eng
044 ## - COUNTRY OF PUBLISHING/PRODUCING ENTITY CODE
MARC country code miu
082 04 - DEWEY DECIMAL CLASSIFICATION NUMBER
Classification number 333.7082
111 2# - MAIN ENTRY--MEETING NAME
Meeting name or jurisdiction name as entry element Cornell Agricultural Waste Management Conference
Number of part/section/meeting (7th :
Date of meeting or treaty signing 1975).
9 (RLIN) 374445
245 10 - TITLE STATEMENT
Title Energy, agriculture and waste management :
Remainder of title proceedings of the 1975 Cornell Agricultural Waste Management Conference /
Statement of responsibility, etc. edited by William J. Jewell
260 ## - PUBLICATION, DISTRIBUTION, ETC.
Place of publication, distribution, etc. Ann Arbor, Mich. :
Name of publisher, distributor, etc. Ann Arbor Science Publishers,
Date of publication, distribution, etc. c1975
300 ## - PHYSICAL DESCRIPTION
Extent ix, 540 p. :
Other physical details ill. ;
Dimensions 24 cm.
504 ## - BIBLIOGRAPHY, ETC. NOTE
Bibliography, etc. note Includes bibliographical references and index
650 #0 - SUBJECT ADDED ENTRY--TOPICAL TERM
Topical term or geographic name entry element Agricultural wastes
Form subdivision Congresses
9 (RLIN) 52689
700 1# - ADDED ENTRY--PERSONAL NAME
Personal name Jewell, William J.,
Relationship edt
9 (RLIN) 374446
887 ## - NON-MARC INFORMATION FIELD
Content of non-MARC field
901 ## - LOCAL DATA ELEMENT A, LDA (RLIN)
a 428273
b 11.10.1976
902 ## - LOCAL DATA ELEMENT B, LDB (RLIN)
a E 333.7082 C 76 e
942 ## - ADDED ENTRY ELEMENTS (KOHA)
Source of classification or shelving scheme Dewey Decimal Classification
Koha item type Books
949 ## - LOCAL PROCESSING INFORMATION (OCLC)
-- VIRTUAITEM
-- 10000
-- 100
6 PUR000428273ENG
Holdings
Withdrawn status Lost status Damaged status Not for loan Collection code Home library Current library Shelving location Date acquired Total Checkouts Full call number Barcode Date last seen Price effective from Koha item type
        New English National Library of India National Library of India New English - Main Stack Division     E 333.7082 C 76 e PUR000428273ENG 02/06/2021 02/06/2021 Books
                                                                           
web counter

Copyright ©2020 The National Library of India, Govt. of India ↔ Hosted by NVLI, MOC ↔ Technology and Design by National Library of India, Ministry of Culture, Govt. of India